Detalles MARC
| 000 -LIDER |
| fixed length control field |
01174nam a2200337 a 4500 |
| 001 - NÚMERO DE CONTROL |
| Identificador de número de control |
000044299 |
| 003 - IDENTIFICACDOR DE NÚMERO DE CONTROL |
| control field |
DO-SdBNP |
| 005 - DATE AND TIME OF LATEST TRANSACTION |
| control field |
20180306093026.0 |
| 007 - CAMPOS FIJOS DE DESCRIPCIÓN FÍSICA |
| fixed length control field |
000044299 |
| 008 - ELEMENTOS DE LONGITUD FIJA |
| fixed length control field |
140613s1997 dr a 000 0 spa d |
| 020 ## - ISBN |
| International Standard Book Number |
8482610422 |
| 040 ## - FUENTE DE CATALOGACIÓN |
| Agencia que crea de manera original el registro |
BPMSU |
| Idioma de catalogación |
spa |
| Agencia que realiza la transcripción |
BPMSU |
| 100 1# - ASIENTO PRINCIPAL -- NOMBRE PERSONAL |
| Nombre personal |
Montero, Jenny |
| 245 13 - MENCIÓN DE TITULO |
| Título |
Iguanita 3 : |
| Subtítulo |
educación inicial / |
| Mención de responsabilidad |
Jenny Montero, María Isabel Incháustegui ; direción editorial Obdulia García de Escobar ; ilustraciones Ruddy Núñez ; editor Manuel Núñez. |
| 246 13 - VARIACION DEL TÍTULO |
| Título propiamente dicho o título corto |
Iguanita |
| 260 ## - PUBLICACIÓN, DISTRIBUCIÓN, ETC. (PIE DE IMPRENTA) |
| Lugar de publicación, distribución, etc |
Santo Domingo : |
| Nombre del editor, distribuidor, etc. |
Santillana, |
| Fecha de publicación, distribución, etc |
1997 |
| 300 ## - DESCRIPCIÓN FÍSICA |
| Extensión |
288 p. : |
| Otros detalles físicos |
il. ; |
| Dimensiones |
25 cm. |
| 490 1# - MENCIÓN DE SERIES |
| Mención de serie |
Libros de iguanita |
| 700 12 - ASIENTO SECUNDARIO -- NOMBRE PERSONAL |
| Nombre personal |
Incháustegui, María Isabel |
| 700 12 - ASIENTO SECUNDARIO -- NOMBRE PERSONAL |
| Nombre personal |
García de Escobar, Obdulia, |
| Mención de responsabilidad |
ed. |
| 700 12 - ASIENTO SECUNDARIO -- NOMBRE PERSONAL |
| Nombre personal |
Núñez, Ruddy, |
| Mención de responsabilidad |
il. |
| 700 12 - ASIENTO SECUNDARIO -- NOMBRE PERSONAL |
| Nombre personal |
Núñez, Manuel, |
| Mención de responsabilidad |
ed. |
| 830 #0 - ASIENTO SECUNDARIO DE SERIE--TÍTULO UNIFORME |
| Título uniforme |
Libros de iguanita |
| 930 #1 - EQUIVALENCE OR CROSS-REFERENCE-UNIFORM TITLE HEADING [LOCAL, CANADA] |
| Language of a work |
BND01 |
| Medium of performance for music |
LF1 |
| Field link and sequence number |
20140613 |
| Date of a work |
01 |
| Name of part/section of a work |
CT |
| Miscellaneous information |
45196 |
| 942 ## - ADDED ENTRY ELEMENTS (KOHA) |
| Source of classification or shelving scheme |
Dewey Decimal Classification |
| Koha item type |
Libros |
| 945 ## - INFORMACIÓN DE PROCESAMIENTO LOCAL |
| Información de procesamiento local |
inventariado, 2018 / dg |
| 956 ## - LOCAL ELECTRONIC LOCATION AND ACCESS (OCLC) |
| Nombre de host |
DGARCIA |
| Número de acceso |
10 |
| Información de compresión |
20140613 |
| Inicio de sesión |
BND01 |
| Procesador de solicitud |
0844 |
| 956 ## - LOCAL ELECTRONIC LOCATION AND ACCESS (OCLC) |
| Nombre de host |
VMATEO |
| Número de acceso |
10 |
| Información de compresión |
20140613 |
| Inicio de sesión |
BND01 |
| Procesador de solicitud |
0940 |
| 956 ## - LOCAL ELECTRONIC LOCATION AND ACCESS (OCLC) |
| Nombre de host |
VMATEO |
| Número de acceso |
10 |
| Información de compresión |
20150910 |
| Inicio de sesión |
BPMSU |
| Procesador de solicitud |
00151 |
| 956 ## - LOCAL ELECTRONIC LOCATION AND ACCESS (OCLC) |
| Nombre de host |
LOPEREZ |
| Número de acceso |
10 |
| Información de compresión |
20160427 |
| Inicio de sesión |
BPMSU |
| Procesador de solicitud |
00041 |